U.S. Cities by Sports Team Colors - Statistics

General Stats
  • This quiz has been taken 480 times
  • The average score is 9 of 19
Answer Stats
City % Correct
. . . . . . Pittsburgh
82%
. . . . . . Seattle
75%
. . . . . . Miami
73%
. . . . . . Philadelphia
69%
. . . . . . Los Angeles
66%
. . . . . . Minneapolis
64%
. . . . . . San Francisco
54%
. . . . . . Cleveland
50%
. . . . . . Detroit
50%
. . . . . . Dallas
48%
. . . . . . Denver
46%
. . . . . . New York City
46%
. . . . . . Chicago
36%
. . . . . . Boston
31%
. . . . . . Houston
29%
. . . . . . Phoenix
26%
. . . . . . Washington, D.C.
25%
. . . . . . Atlanta
23%
. . . . . . Tampa Bay
7%
No matching quizzes found
Score Distribution
Percent of People with Each Score
Percentile by Number Answered
Your Score History
You have not taken this quiz